| 000 | 00388nam a2200133Ia 4500 | ||
|---|---|---|---|
| 008 | 211109s9999||||xx |||||||||||||| ||und|| | ||
| 082 |
_a894.81207 _bKAR.M |
||
| 100 | _aKarassery, M N | ||
| 245 | 0 | _aTharathamya Sahithya Vicharam | |
| 260 |
_bMalayalam Publications _aCalicut _c1997 |
||
| 630 | _xGeneral stack | ||
| 650 |
_aMalayalam literature _vLiterature _xStudyMalayalam |
||
| 942 | _cBOOK | ||
| 999 |
_c54336 _d54336 |
||